000
00277 a2200097 4500
082
_a
624.15136 VER
100
_a
Verruijt, Arnold
245
_a
Soil Mecahnics
_c
Arnold Verruijt
260
_a
Netherlands :
_b
Delft University of Technonlogy,
_c
2006
300
_a
315p. :
_b
ill. ;
_c
20 cm
650
_a
Soil Mecahnics
999
_c
1135
_d
1135